| 000 | 00801nam a22002417a 4500 | ||
|---|---|---|---|
| 999 |
_c18126 _d18126 |
||
| 003 | AR-CdUCM | ||
| 008 | 190511b ||||| |||| 00| 0 spa d | ||
| 040 |
_aMUNICIPALIDAD PROVINCIAL DEL CUSCO _cBIBLIOTECA MUNICIPAL DEL CUSCO |
||
| 041 | _hfre | ||
| 082 |
_a848.71 / _bH88 |
||
| 100 |
_aHugo, Victor Marie _938529 |
||
| 245 |
_aRayos y sombras : _bCantos del crepúsculo, Voces interiores, Hojas de otoño / |
||
| 260 |
_aBarcelona : _bRamón Sopena. |
||
| 300 |
_a300 páginas ; _c24 cm. |
||
| 440 |
_aBiblioteca de Grandes Novelas. _926355 |
||
| 505 | _aContenido: Novela. | ||
| 650 |
_aNovelas españolas _9584 |
||
| 650 |
_aLiteratura española _9362 |
||
| 650 |
_aSiglo XX _98 |
||
| 700 |
_aPedraza y Paez, Pedro (traducción) _938530 |
||
| 942 |
_2ddc _cLIBROS |
||
| 945 |
_aachl _d2019-05-11 |
||